!!!Muerte subita¡¡¡ barrios de Buenos Aires(Caba) - Estadísticas

Estadísticas generales
  • Esta prueba ha sido intentada 495 veces
  • La puntuación promedio es 10 de 22
Answers on the Grid
Answers color-coded by a green-red scale on the quiz's grid according to % correct below.
Agronomia
Almagro
Balvanera
Barracas
Caballito
Chacarita
Coghlan
Colegiales
Constitucion
Flores
Floresta
La Paternal
Nueva Pompeya
Villa Real
Villa Riachuelo
Parque Avellaneda
Villa Santa Rita
Villa Ortuzar
San Nicolas
San Cristobal
Montserrat
Versalles
Vicente Lopez
Olivos
Once
Haedo
Abasto
Avellaneda
Remedios de Escalada
Lomas de Zamora
Barrio Chino
Barrio Mitre
Barrio Norte
Belgrano C
Belgrano R
Microcentro
Parque Centenario
Tribunales
Bajo Flores
Barrio San Pedro
Villa Cerini
Las Cañitas
Barrio Soldati
Ciudad Universitaria
Palermo Chico
Palermo Soho
Palermo Hollywood
Barrio Balbastro
 
Estadísticas de respuestas
Respuesta % Correcto
Caballito
51%
Chacarita
49%
Flores
48%
Almagro
47%
Constitucion
47%
Floresta
47%
Colegiales
46%
La Paternal
46%
Balvanera
45%
Agronomia
44%
Montserrat
44%
Versalles
44%
San Nicolas
43%
Barracas
42%
Villa Riachuelo
41%
Coghlan
40%
Nueva Pompeya
40%
San Cristobal
40%
Villa Ortuzar
40%
Parque Avellaneda
38%
Villa Santa Rita
38%
Villa Real
34%
No se encontraron pruebas coincidentes
Distribución de puntuación
Porcentaje de gente con cada puntuación
Porcentaje por número respondido
Historial de tus puntuaciones
No has intentado esta prueba.